| 000 | 00000nam##2200000za#4500 |
| 001 | 9.699227 |
| 003 | CaOODSP |
| 005 | 20210625000302 |
| 007 | cr ||||||||||| |
| 008 | 150407|1999||||xxc|||||o f|0| 0 eng|d |
| 040 | |aCaOODSP|beng |
| 043 | |an-cn--- |
| 086 | 1 |aA22-196/1999-2E-PDF |
| 110 | 1 |aCanada.|bAgriculture and Agri-Food Canada. |bPolicy Branch. |
| 245 | 10|aManaging market risk : |h[electronic resource]|bintroductory course, instructor's resource manual |
| 246 | 1 |aInstructor's resource manual |
| 250 | |aFirst edition |
| 260 | |aOttawa - Ontario : |bAgriculture and Agri-Food Canada. |c[1999]. |
| 300 | |a314p.|bfig., graphs, tables |
| 500 | |aHistorical publication digitized by Agriculture and Agri-Food Canada. |
| 590 | |a14-11-Supp|b2014-05-21 |
| 690 | 07|aAgricultural economics|2gcpds |
| 690 | 07|aFinancial management|2gcpds |
| 710 | 2 |aCanadian Farm Business Management Council. |
| 775 | 08|tGérer le risque du marché : |w(CaOODSP)9.643179 |
| 856 | 40|ahttp://publications.gc.ca|qPDF|s13.8 MB|uhttps://publications.gc.ca/collections/collection_2014/aac-aafc/agrhist/A22-196-1999-2-eng.pdf |
| 986 | |a2016/E |